Normal view
MARC view
- الشربيني، كامل منصور مؤلف/خليفة،وليد السيد أحمد
Entry Personal Name
001 - CONTROL NUMBER
- control field: 44595
003 - CONTROL NUMBER IDENTIFIER
- control field: JO-AjAnu
005 - DATE AND TIME OF LATEST TRANSACTION
- control field: 20230606081401.0
008 - FIXED-LENGTH DATA ELEMENTS
- fixed length control field: 230606|| aca||aabn | a|a d
040 ## - CATALOGING SOURCE
- Original cataloging agency: JO-AjAnu
- Transcribing agency: JO-AjAnu
100 ## - HEADING--PERSONAL NAME
- Personal name: الشربيني، كامل منصور مؤلف/خليفة،وليد السيد أحمد
670 ## - SOURCE DATA FOUND
- Source citation: Work cat.: (JO-AjAnu)22835: الشربيني، كامل منصور مؤلف/خليفة،وليد السيد أحمد, author, الإتجاهات الحديثة في بحوث ودراسات التربية الخاصة